00633nam a2200169Ia 4500008004100000041000800041082001900049100001600068245003900084260002500123300000800148365001600156700005200172906003500224999001900259952018500278230718s9999 xx 000 0 und d aeng a814.54'46bREI aCanfield J. aChicken Soup For The Couple's Soul c2001bWestland Books a370 cRs.b195.00 aCanfield J., Hansen M.V. & Angelis B.D.9187267 dB:173109-Nov-2001cMGMTb29.25 c302203d302203 00104070aCCEPbCCEPd2001-10-01eTechnical Book ServicesfMGMTg165.75i1731l2o814.54'46pCCEP-BK-13410r2026-02-23 10:41:49s2026-02-04t29.25v195.00w2001-11-09yBKz013410